000 00504nam a22001937a 4500
003 MPLRDC
005 20220104143029.0
008 210129b ||||| |||| 00| 0 eng d
020 _a978-983-01-0687-8
082 _a859.6 DWXS v.3
100 _a牧铃
245 _a独战苍穹
_c
250 _a初版
260 _a马来西亚
_b联营出版(马)有限公司
_c2012
300 _b196
490 _a联营好书.动物小说: 03
650 _a儿童文学--小说
942 _cBK
_o859.6 DWXS v.3
999 _c35947
_d35937